Disparition du vol MH370 - Statistiques

Statistiques générales
  • Ce quiz a été pris 11 fois
    8 depuis la dernière actualisation
  • Le résultat moyen est 8 sur 20
Statistiques - réponses
Hint Réponse % Correct
En quelle année l’avion a-t-il disparu ? 2014
88%
De quelle nationalité étaient la majorité des passagers ? Chinois
75%
Quelle était la destination prévue du vol ? Pekin
75%
Quel pays a dirigé l’enquête principale sur la disparition ? La Malaisie
63%
Quel était le modèle de l’avion du vol MH370 ? Boeing 777-200ER
50%
Selon certaines théories non confirmées, quel pays est parfois accusé d’avoir abattu le vol MH370 en raison d’une cargaison sensible ? Etats-Unis
50%
De quelle ville l’avion MH370 a-t-il décollé ? Kuala Lumpur
50%
Sur quelle île française un débris confirmé de l’avion a-t-il été retrouvé en 2015 ? La Réunion
50%
Quel pays est considéré par les enquêtes internationales comme responsable du missile qui a abattu le vol MH17 au-dessus de l’Ukraine en 2014 ? La Russie
38%
Quelle hypothèse concernant le pilote a été évoquée dans certaines théories, mais jamais confirmée officiellement ? Un suicide
38%
Combien de personnes se trouvaient à bord ? 239
25%
De quelles couleurs était l'avion ? Blanc et bleu
25%
Quelle base militaire américaine située dans l’océan Indien est parfois mentionnée dans certaines théories sur le vol MH370 ? Diego Garcia
25%
Quel océan est considéré comme la zone probable du crash ? Océan Indien
25%
Quel système satellite a permis de retracer la trajectoire approximative du vol MH370 après sa disparition des radars ? Satellites Inmarsat
25%
Quel équipement personnel du pilote a été analysé par les autorités après la disparition du MH370, et a suscité l’attention des enquêteurs ? Son simulateur de vol
25%
Quel dispositif de communication de l’avion a été désactivé avant sa disparition ? Le transpondeur
13%
Dans quel pays certains habitants ont-ils rapporté avoir vu un avion ressemblant au MH370 volant à très basse altitude ? Maldives
13%
Selon les théories les plus spéculatives, par quel phénomène astronomique l’avion MH370 aurait-il disparu ? Trou Noir
13%
Quelle pièce d’avion a été retrouvée sur une plage de cette île ? Un flaperon
13%
Aucun quiz correspondant
Distribution des résultats
% des personnes avec chaque résultat
Percentile par nombre de réponses
Votre historique - résultats
Vous n’avez pas pris ce quiz depuis la dernière actualisation